| 000 | 00768ctm a22001935a 4500 | ||
|---|---|---|---|
| 001 | L157636 | ||
| 008 | 130213s1859 xxk f 000 0 eng d | ||
| 035 | _a(Sirsi) u157636 | ||
| 041 | 0 | _aeng | |
| 100 | 1 | _aJames, Joseph | |
| 245 | 0 | 0 |
_aEstimate of sundry works required to be done in the erection and completion of a Baptist Chapel, Schools and Vestries at Hemel Hempstead in the County of Hertford _baccording to Drawings and Specification prepared by Joseph James Esq., Architect 45 Furnivals Inn London E.C., July 1859 |
| 260 | _c1859 | ||
| 300 |
_a1 v. _bmanuscript _c34 cm. |
||
| 520 | _aHandwritten manuscript. | ||
| 583 |
_aCondition reviewed _c20120620 _lcondition level 1 |
||
| 651 | 4 | _aHertfordshire | |
| 690 | _aDesign and specification | ||
| 942 | _n0 | ||
| 999 |
_c114883 _d114883 |
||